| 000 | 00574nam a22001817a 4500 | ||
|---|---|---|---|
| 005 | 20171118160301.0 | ||
| 010 | _aENG-121480 | ||
| 020 |
_a9789325980822 _c299.00 |
||
| 035 | _aEN-105012 | ||
| 037 | _bDBAD/PUB | ||
| 082 | _a005.43 | ||
| 100 | _aSaxena, Sanjay | ||
| 245 |
_aA first course in computers : _cby Sanjay Saxena _bbased on windows 8 and Ms office 2013 / |
||
| 260 |
_aNoida _bVikas Publishing House _c2015(repr.) |
||
| 270 |
_aE-28, Sector-8, _bNoida (UP) _e201301 |
||
| 300 |
_axv,464p. : _c24cm(pbk) _bill |
||
| 942 |
_2ddc _cEN _mSAX _h005.43 |
||
| 999 |
_c147561 _d147561 |
||